Applications of mathematics. (Record no. 170124)
[ view plain ]
| 000 -LEADER | |
|---|---|
| fixed length control field | 01125nas a2200337 a 4500 |
| 001 - CONTROL NUMBER | |
| control field | 000466407 |
| 003 - CONTROL NUMBER IDENTIFIER | |
| control field | AM-YeHGA |
| 005 - DATE AND TIME OF LATEST TRANSACTION | |
| control field | 20250617133726.0 |
| 008 - FIXED-LENGTH DATA ELEMENTS--GENERAL INFORMATION | |
| fixed length control field | 051130c19569999|||brzp 0 0eng d |
| 022 ## - INTERNATIONAL STANDARD SERIAL NUMBER | |
| International Standard Serial Number | 0862-7940 |
| 040 ## - CATALOGING SOURCE | |
| Original cataloging agency | AM-YeHGA |
| 041 0# - LANGUAGE CODE | |
| Language code of text/sound track or separate title | eng |
| 090 ## - LOCALLY ASSIGNED LC-TYPE CALL NUMBER (OCLC); LOCAL CALL NUMBER (RLIN) | |
| -- | 171561 |
| 210 0# - ABBREVIATED TITLE | |
| Abbreviated title | Appl. math. |
| 222 #0 - KEY TITLE | |
| Key title | Applications of mathematics |
| Qualifying information | (Prague) |
| 245 00 - TITLE STATEMENT | |
| Title | Applications of mathematics. |
| 260 ## - PUBLICATION, DISTRIBUTION, ETC. | |
| Place of publication, distribution, etc. | Praha : |
| Name of publisher, distributor, etc. | Academia ; |
| Place of publication, distribution, etc. | New York, N.Y. : |
| Name of publisher, distributor, etc. | Plenum Pub. Corp., distributors, |
| Date of publication, distribution, etc. | 1956-. |
| 300 ## - PHYSICAL DESCRIPTION | |
| Extent | v. |
| 310 ## - CURRENT PUBLICATION FREQUENCY | |
| Current publication frequency | Bimonthly |
| 362 0# - DATES OF PUBLICATION AND/OR SEQUENTIAL DESIGNATION | |
| Dates of publication and/or sequential designation | 1956- |
| 500 ## - GENERAL NOTE | |
| General note | Title from cover. |
| 546 ## - LANGUAGE NOTE | |
| Language note | Chiefly in English, with some German; summaries in Czech. |
| 550 ## - ISSUING BODY NOTE | |
| Issuing body note | Published by: Mathematical institute, Academy of Sciences of the Czech Republic |
| 650 04 - SUBJECT ADDED ENTRY--TOPICAL TERM | |
| Topical term or geographic name entry element | Ամսագիր |
| 650 14 - SUBJECT ADDED ENTRY--TOPICAL TERM | |
| Topical term or geographic name entry element | Mathematics |
| Form subdivision | Periodicals |
| 710 2# - ADDED ENTRY--CORPORATE NAME | |
| Corporate name or jurisdiction name as entry element | Academy of Sciences of the Czech Republic |
| Subordinate unit | Mathematical institute |
| 776 1# - ADDITIONAL PHYSICAL FORM ENTRY | |
| Title | Applications of mathematics (Prague, Czechoslovakia : Online) |
| International Standard Serial Number | 1572-9109 |
| 780 00 - PRECEDING ENTRY | |
| Title | Aplikace matematiky |
| International Standard Serial Number | 0373-6725 |
| 856 4# - ELECTRONIC LOCATION AND ACCESS | |
| Uniform Resource Identifier | <a href="www.math.cas.cz/AM.html.">www.math.cas.cz/AM.html.</a> |
| 942 ## - ADDED ENTRY ELEMENTS (KOHA) | |
| Source of classification or shelving scheme | Universal Decimal Classification |
| Koha item type | Շարունակական պաշար / Continuing Resource |
| Withdrawn status | Lost status | Damaged status | Not for loan | Collection | Home library | Current library | Date acquired | Serial enumeration / chronology | Inventory number | Total checkouts | Full call number | Barcode | Date last seen | Price effective from | Koha item type | Public note |
|---|---|---|---|---|---|---|---|---|---|---|---|---|---|---|---|---|
| General | Fundamental Scientific Library | Fundamental Scientific Library | 28/12/2016 | 2004, V. 49, № 6 | ИЖ 234 | ИЖ 234 | 50-76942 | 28/12/2016 | 28/12/2016 | Շարունակական պաշար / Continuing Resource | Two weeks Loan | |||||
| General | Fundamental Scientific Library | Fundamental Scientific Library | 28/12/2016 | 2005, V. 50, № 5 | ИЖ 234 | ИЖ 234 | 50-76943 | 28/12/2016 | 28/12/2016 | Շարունակական պաշար / Continuing Resource | Two weeks Loan |
ՀՀ Գիտությունների ազգային ակադեմիայի հիմնարար գիտական գրադարան = Fundamental Scientific Library of NAS RA
All site content, except where otherwise noted, is licensed under a